Русско-англо-польский разговорник. (Запис № 277711)

МАРК-запис
000 -LEADER
fixed length control field 00264nam a22001097a 4500
041 ## - LANGUAGE CODE
Language code of text/sound track or separate title eng
080 ## - UNIVERSAL DECIMAL CLASSIFICATION NUMBER
Universal Decimal Classification number 80
100 ## - MAIN ENTRY--PERSONAL NAME
Personal name Кузнецов, В. С.
245 ## - TITLE STATEMENT
Title Русско-англо-польский разговорник.
650 ## - SUBJECT ADDED ENTRY--TOPICAL TERM
Topical term or geographic name as entry element Reference
942 ## - ADDED ENTRY ELEMENTS (KOHA)
Koha item type Книги
Фонди
Withdrawn status Lost status Source of classification or shelving scheme Damaged status Not for loan Home library Current library Date acquired Source of acquisition Cost, normal purchase price Total Checkouts Total Renewals Full call number Barcode Checked out Date last seen Date checked out Price effective from Koha item type
    Universal Decimal Classification     ВІЛ - Відділ іноземн. літератури НБ ВІЛ - Відділ іноземн. літератури НБ 08/08/2005 Акт № 5\05 3.00 2 4 80 200431 07/08/2020 13/08/2019 13/08/2019 26/12/2005 Книги